000 003530000a22001570004500
005 20120302065337.0
942 _cBOOK
100 _a Shree Somadevabhatt, Mahakavi
245 _a Kathasaritsagarah
250 _a 1st
260 _aDelhi:Motilal Banarasidass, 1970
300 _a8p+596p
040 _aSan
365 _b/-
650 _aSanskrit Katha
999 _c364536
_d364533